000 00841nam a2200265 a 4500
001 BRCA_3735
005 20190320204413.0
008 150909s1827----fr-a---###---#000-0#spa-#
041 _aspa
044 _afr
050 4 _aF1211
_b.H86 1827
100 1 _aHumboldt, Alexander, Freiherr von
_d1769-1859
_99159
245 1 0 _aEnsayo político sobre la Nueva España
_cA. de Humboldt ; traducción al castellano por Vicente González Arnao.
260 _aParís
_bJ. Renouard
_c1827
300 _a5 v.
_bil.
_c21 cm.
500 _aIncluye tabla de materia
500 _aC1
650 1 4 _aViajeros alemanes
_97026
650 1 4 _aMinas y recursos minerales
_97027
651 4 _aMéxico
_xDescripción y viajes
_9103
651 4 _aMéxico
_xEstadísticas
_99716
700 1 _aGonzález Arnao, Vicente
_etr
_99717
902 _aGFM
942 _2lcc
_cB
999 _c3464
_d3464